[Event "Mittelfranken-chT 0405"]
[Site "Germany"]
[Date "2005.04.17"]
[Round "9.8"]
[White "Hoerath, Michael"]
[Black "Faust, Bernhard"]
[Result "1-0"]
[WhiteElo "1830"]
[BlackElo "1616"]
[PlyCount "105"]
[EventDate "2004.10.17"]
[EventType "team"]
[EventRounds "9"]
[EventCountry "GER"]
[SourceTitle "EXT 2007"]
[Source "ChessBase"]
[SourceDate "2006.11.23"]
[SourceVersion "1"]
[SourceVersionDate "2006.11.23"]
[SourceQuality "1"]

1. d4 b6 2. Nf3 Bb7 3. e3 e6 4. Be2 Nf6 5. 0-0 c5 6. c4 d5 7. Nc3 Nbd7 8. cxd5 Nxd5 9. Nxd5 Bxd5 10. Qa4 a6 11. dxc5 Bxc5 12. b4 b5 13. Qa3 Bb6 14. Bb2 0-0 15. Rfd1 Qe7 16. Qc3 f6 17. a3 Rac8 18. Qd2 Rfd8 19. Rdc1 Rxc1+ 20. Rxc1 Bxf3 21. gxf3 Ne5 22. Qc2 Qe8 23. f4 Qg6+ 24. Qxg6 Nxg6 25. Rc6 Rd2 26. Rxb6 Rxe2 27. Bd4 Ra2 28. Rxa6 e5 29. fxe5 fxe5 30. Bc5 Nh4 31. Kf1 Kf7 32. Ra7+ Kg6 33. Be7 Nf3 34. Bf8 h5 35. Rxg7+ Kf6 36. Rb7 Rxa3 37. Kg2 Ne1+ 38. Kg3 Nd3 39. Rxb5 Ra2 40. Bd6 h4+ 41. Kxh4 Rxf2 42. Kg3 Rb2 43. h4 Rb3 44. Kf3 Kf5 45. h5 Ke6 46. Bf8 Kf7 47. Rb8 Nf4 48. h6 Kg8 49. Ke4 Ne6 50. Be7+ Kh7 51. Kf5 Nc7 52. Bf6 Kxh6 53. Rh8# 1-0

[Event "Mittelfranken-chT 0405"]
[Site "Germany"]
[Date "2005.04.03"]
[Round "8.8"]
[White "Faust, Bernhard"]
[Black "Holl, Manfred"]
[Result "0-1"]
[WhiteElo "1616"]
[BlackElo "1932"]
[PlyCount "87"]
[EventDate "2004.10.17"]
[EventType "team"]
[EventRounds "9"]
[EventCountry "GER"]
[SourceTitle "EXT 2007"]
[Source "ChessBase"]
[SourceDate "2006.11.23"]
[SourceVersion "1"]
[SourceVersionDate "2006.11.23"]
[SourceQuality "1"]

1. d4 d6 2. c4 g6 3. Nc3 Bg7 4. e4 c6 5. Be3 Nf6 6. Bd3 Ng4 7. Qd2 Nxe3 8. fxe3 0-0 9. Nf3 Nd7 10. 0-0 c5 11. Rab1 Nb6 12. b3 Bg4 13. Ne2 Qc7 14. d5 Nd7 15. h3 Bxf3 16. gxf3 a6 17. a4 Nf6 18. Ng3 Qd7 19. Kh2 Ne8 20. Rg1 Nc7 21. Qe2 Rfb8 22. f4 b5 23. axb5 axb5 24. Rgc1 Ra3 25. Nf1 Na6 26. cxb5 Nb4 27. Bc4 Ra2 28. Nd2 Rba8 29. Kg3 Bb2 30. Rd1 Bg7 31. Re1 h5 32. Rbd1 Bf6 33. h4 Bc3 34. f5 Be5+ 35. Kh3 Rc2 36. Rg1 Rxd2 37. Qxd2 Ra2 38. Qxa2 Nxa2 39. b6 Kg7 40. Rg5 Bf6 41. Ba6 Nb4 42. Bc4 Bxg5 43. hxg5 gxf5 44. exf5 0-1

[Event "Mittelfranken-chT 0405"]
[Site "Germany"]
[Date "2004.12.19"]
[Round "4.8"]
[White "Stecher, Bernd"]
[Black "Faust, Bernhard"]
[Result "0-1"]
[WhiteElo "1438"]
[BlackElo "1616"]
[PlyCount "148"]
[EventDate "2004.10.17"]
[EventType "team"]
[EventRounds "9"]
[EventCountry "GER"]
[SourceTitle "EXT 2007"]
[Source "ChessBase"]
[SourceDate "2006.11.23"]
[SourceVersion "1"]
[SourceVersionDate "2006.11.23"]
[SourceQuality "1"]

1. d4 d5 2. Nf3 Nf6 3. c4 c6 4. e3 Bg4 5. c5 Nbd7 6. Be2 Qc7 7. Nbd2 e5 8. Nb3 e4 9. Ng1 Bf5 10. g4 Bg6 11. g5 Ng8 12. h3 Be7 13. h4 f5 14. Nh3 Bf7 15. Rg1 g6 16. Nf4 Nf8 17. h5 Ne6 18. hxg6 hxg6 19. Nxe6 Bxe6 20. Kd2 Rh2 21. Qf1 f4 22. Bg4 fxe3+ 23. Kxe3 Bxg5+ 24. Ke2 Bxg4+ 25. Rxg4 Bxc1 26. Rxc1 Qf7 27. Rc3 0-0-0 28. Rcg3 Rf8 29. Rg2 Qf3+ 30. Ke1 Rxg2 31. Qxg2 Qxg2 32. Rxg2 Ne7 33. Rg3 b6 34. Nd2 Rf6 35. cxb6 axb6 36. Rc3 Kb7 37. Ke2 Nf5 38. Nb3 Nd6 39. Rc2 Nf5 40. a4 Kc7 41. Rd2 Rf8 42. Nc1 Ra8 43. b3 Kd6 44. Kd1 Nh4 45. Ne2 Nf3 46. Rc2 g5 47. Kc1 Ne1 48. Rd2 Nd3+ 49. Kb1 Nxf2 50. Ng3 Rf8 51. Kc2 Nd3 52. Re2 Rf2 53. Rxf2 Nxf2 54. Nf5+ Ke6 55. Ne3 Nd3 56. Kc3 Nf2 57. b4 g4 58. a5 bxa5 59. bxa5 Kd7 60. Kb4 Nd3+ 61. Kc3 g3 62. a6 Kc7 63. Kd2 Kb6 64. a7 Kxa7 65. Ke2 Kb6 66. Kf1 Nf4 67. Nf5 g2+ 68. Kg1 c5 69. dxc5+ Kxc5 70. Kh2 d4 71. Ng3 e3 72. Ne4+ Kc4 73. Ng5 d3 74. Kg1 d2 0-1

[Event "Mittelfranken-chT 0405"]
[Site "Germany"]
[Date "2004.11.07"]
[Round "2.6"]
[White "Schanz, Karlheinz"]
[Black "Faust, Bernhard"]
[Result "1/2-1/2"]
[WhiteElo "1756"]
[BlackElo "1616"]
[PlyCount "88"]
[EventDate "2004.10.17"]
[EventType "team"]
[EventRounds "9"]
[EventCountry "GER"]
[SourceTitle "EXT 2007"]
[Source "ChessBase"]
[SourceDate "2006.11.23"]
[SourceVersion "1"]
[SourceVersionDate "2006.11.23"]
[SourceQuality "1"]

1. c4 c5 2. Nc3 Nc6 3. g3 g6 4. Bg2 Bg7 5. Nf3 Nf6 6. 0-0 0-0 7. e4 e5 8. d3 d6 9. h3 Be6 10. Be3 Qd7 11. Kh2 h6 12. Ng1 Kh7 13. Nce2 Ng8 14. Qd2 Rab8 15. Nc3 a6 16. a4 Nge7 17. Nge2 Nd4 18. Bxd4 cxd4 19. Nd1 f5 20. exf5 Rxf5 21. g4 Rf7 22. f3 Rbf8 23. Nf2 Bf6 24. Ne4 d5 25. Nc5 Qc6 26. Nxe6 Qxe6 27. c5 Bg5 28. Qc2 Nc6 29. Rad1 Be3 30. Qb1 a5 31. Qa2 Nb4 32. Qb3 Qe7 33. f4 Qxc5 34. fxe5 Rxf1 35. Rxf1 Rxf1 36. Bxf1 Qe7 37. Qd1 Qxe5+ 38. Kh1 b6 39. Bg2 Kg7 40. Bf3 Qf6 41. Kg2 g5 42. Ng3 Qc6 43. Be2 Kg6 44. Nf5 Qe6 1/2-1/2